| 000 | 00977nam a2200277 a 4500 | ||
|---|---|---|---|
| 001 | 000022589 | ||
| 003 | OSt | ||
| 005 | 20240410073846.0 | ||
| 008 | 101013t1980 dr ac 001 0bspa d | ||
| 040 |
_aDO-SdBNP _bspa _cDO-SdBNP |
||
| 082 |
_a923.27293 _bD812T,1980 |
||
| 100 | 1 |
_aTroncoso Sánchez, Pedro, _d1904-1989 _923599 |
|
| 245 | 1 | 0 |
_aVida de Juan Pablo Duarte / _cPedro Troncoso Sánchez. |
| 250 | _a2a ed. | ||
| 260 |
_aSanto Domingo : _bInstituto Duartiano, _c1980. |
||
| 300 |
_a522 p. : _bil., retrs. ; _c21 cm. |
||
| 490 | 1 |
_aInstituto Duartiano; _v11 |
|
| 586 | _aPremio Nacional de Historia 1976 | ||
| 590 | _aInventariado,2020/VM | ||
| 600 | 1 | 0 |
_aDuarte, Juan Pablo, _d1813-1876 _vBiografías _91494 |
| 651 | 0 |
_aRepública Dominicana -- _xHistoria -- _y1844-1930 _91009 |
|
| 651 | 0 |
_aRepública Dominicana -- _xHistoria -- _y1844-1930 _91009 |
|
| 830 | 0 |
_aInstituto Duartiano ; _v11 _923205 |
|
| 910 | _aValidado. Control de calidad EMS | ||
| 942 |
_2ddc _cLBS1 |
||
| 999 |
_c22086 _d22086 |
||